00414nam a2200145Ia 450000500170000000800410001708200150005810000190007324500830009226000400017530000180021565000110023365000100024465000140025420240424023549.0240331s9999 xx 000 0 und d bKABa331.4 aKabeer, Naila. 0aReversed realities :bgender hierarchies in development thoughtcNaila Kabeer. aNew Delhi :bKali for Women /c1995 axix, 346 p ., aGender aWomen aEconomics